Statistics for Most Popular 3 and 4-letter Baby Boy Names by Decade (UK)

Click here to take the quiz!

General Stats

  • This quiz has been taken 14,115 times
    (14,113 since last reset)
  • The average score is 113 of 163

Answer Stats

HintAnswer% Correct
1904 | 1914 | 1924 | +7 othersJohn
95%
1914 | 1924 | 1934 | +5 othersPaul
90%
1904 | 1914 | 1924 | +5 othersJack
87%
1904 | 1914Tom
87%
1974Marc
86%
1954 | 1964 | 1974 | +2 othersMark
86%
1994 | 2004Sam
84%
1984 | 1994 | 2004Ben
83%
1984 | 1994 | 2004 | 2014Luke
83%
1984 | 1994 | 2004Liam
81%
1924 | 1934 | 1944 | +4 othersIan
80%
1994 | 2004Joe
80%
1964 | 1974 | 1984 | +3 othersAdam
78%
1904 | 1914 | 1924 | 1934Fred
76%
2014Noah
75%
2014Leo
74%
1994 | 2004 | 2014Jake
73%
1904 | 1914 | 1924 | +5 othersAlan
72%
1994 | 2004 | 2014Alex
70%
1964 | 1974 | 1984Carl
70%
1904 | 1914 | 1924 | +3 othersEric
70%
1964 | 1974Karl
70%
1984 | 1994 | 2004 | 2014Ryan
69%
1944 | 1954 | 1964 | +2 othersGary
66%
1964 | 1974 | 1984 | 1994Sean
65%
1964 | 1974 | 1984Dean
63%
1994 | 2004Kyle
63%
1914 | 1924 | 2004Owen
63%
1904 | 1914Evan
60%
2004 | 2014Max
60%
1924 | 1934 | 1944Ivan
58%
1934 | 1944 | 1954 | +3 othersNeil
58%
1964 | 1974 | 1984 | 1994Lee
54%
2014Theo
54%
2014Luca
53%
1914 | 1924 | 1934 | +3 othersRoy
53%
1944 | 1954 | 1964 | 1974Tony
53%
2014Jude
49%
1904 | 1914 | 1924 | +3 othersHugh
48%
1934Noel
47%
1904 | 1914 | 1924 | 1934Alec
39%
2014Hugo
39%
2004 | 2014Toby
39%
1904 | 1914 | 1924 | 1934Ivor
37%
2014Kian
30%
2004Rhys
29%

Score Distribution

Percentile by Number Answered

Percent of People with Each Score

Your Score History

You have not taken this quiz since the last reset